000 00858nam a2200241 a 4500
001 BRCA_8286
005 20190320210219.0
008 120614s1958----mx-ad##f##---#000-0#spa-#
041 _aspa
044 _amx
050 4 _aHG2714
_b.S36 2 1958
100 1 _aSánchez Cuen, Manuel
_911539
245 1 0 _aEl crédito a largo plazo en México
_breseña histórica, el Banco Nacional Hipotecario Urbano y de Obras Públicas, S. A. a 25 años de vida
_cManuel Sánchez Cuen.
260 _aMéxico
_bGráfica Panamericana
_c1958
300 _a301 p.
_bil., tablas, gráficas
_c22 cm.
500 _aEjemplar igual a CFG45
500 _aS76
610 2 4 _aBanco Nacional Hipotecario y de Obras Públicas, S. A.
_zMéxico
_911540
650 1 4 _aBancos y operaciones bancarias
_zMéxico
_98161
650 1 4 _aCrédito
_zMéxico
_911541
902 _aGFM
942 _2lcc
_cB
999 _c7954
_d7954